000 00734cam a2200241 a 4500
001 4029059
003 GBCCL
005 20241126110428.0
008 971203s1996 pau 000 0 eng
010 _a 97221540
020 _a0801081955
040 _aDLC
_cDLC
050 0 0 _aBV4811
_b.S663 1996
082 0 0 _a242.2
_221
_bSPU
100 1 _aSpurgeon, C. H.
_q(Charles Haddon),
_d1834-1892.
_9222
245 1 0 _aDaily help /
_cCharles Spurgeon.
260 _aGrand Rapids :
_bBaker,
_cc1996.
300 _a190 p. ;
_c18 cm.
650 0 _aDevotional calendars
_xBaptists.
_94934
906 _a7
_bcbc
_corignew
_d3
_encip
_f19
_gy-gencatlg
942 _2ddc
_cBK
999 _c2380
_d2380